000 00726nam a2200241Ia 4500
003 OSt
005 20221005085912.0
006 a|||||r|||| 00| 0
007 ta
008 221004b |||||||| |||| 00| 0 eng d
024 _a74451
037 _cTextual
040 _aCRL
_cCRL
_beng
041 _2eng
_aeng
082 _aO111xL, K6
100 _aGrierson Herbert J.C
245 0 _aCross currents in 17th century English literature
_b the world, the flesh, and the spirit, their actions and reactions
260 _aNew York
_bHarper Torchbooks USA
_c1966
300 _a345p
_ccm.
650 _aENGLISH LITERATURE
942 _hO111xL, K6
_cTEXL
_2cc
999 _c994958
_d994958